| 000 | 00837nam a22002657a 4500 | ||
|---|---|---|---|
| 001 | 8894 | ||
| 003 | FISKH | ||
| 005 | 20251030094901.0 | ||
| 008 | 251030b cb ||||| |||| 00| 0 eng d | ||
| 020 | _a9789810187255 | ||
| 040 |
_aFISKH _beng _cFISKH _dFISKH |
||
| 050 | _a Q161.2 M | ||
| 082 | _a372 | ||
| 100 | _aLan, Teo-Gwan Wai | ||
| 245 |
_aScience : _bEnergy Primary 3 & 4 / _cBy Toe-Gwan Wai Lan , Science Education Consultant : Dr Charles Chew |
||
| 260 |
_aSingarpore : _bMarshall Cavendish Educational , _c2008. |
||
| 300 |
_a36 pages : _bcolor illustrations ; _c27 cm . |
||
| 490 | _aMy Pals Are Here ! | ||
| 650 |
_aScience _vNon-fiction |
||
| 700 |
_aRahim, Anuar Abdul _eIllustrator |
||
| 700 |
_aLan, Tay Bock _eIllustrator |
||
| 700 |
_aEng, Goh Soo _eIllustrator |
||
| 942 |
_2ddc _cBK _n0 |
||
| 999 |
_c8894 _d8894 |
||